[Event "5. Nord-West-Cup"]
[Site "?"]
[Date "2003.??.??"]
[Round "3"]
[White "Thinius, Marco"]
[Black "Levin, Felix"]
[Result "1/2-1/2"]
[WhiteElo "2304"]
[BlackElo "2523"]
[PlyCount "116"]

1. e4 c5 2. Nf3 d6 3. d4 cxd4 4. Nxd4 Nf6 5. Nc3 Nc6 6. Be3 Ng4 7. Bb5 Nxe3 8.
fxe3 Bd7 9. Bxc6 bxc6 10. O-O e6 11. e5 Be7 12. Qh5 O-O 13. exd6 Bxd6 14. Ne4
Be7 15. Rad1 Qc7 16. Ng5 Bxg5 17. Qxg5 c5 18. Nb3 Bb5 19. Rf2 Rac8 20. Rfd2 f6
21. Qf4 e5 22. Qe4 Qf7 23. Qd5 a6 24. c3 c4 25. Nc5 Qxd5 26. Rxd5 Rfe8 27. b4
cxb3 28. axb3 Bc6 29. Rd6 Bb5 30. b4 a5 31. Rb6 Bc4 32. Rd7 axb4 33. cxb4 Rb8
34. Rbb7 Rxb7 35. Nxb7 Rb8 36. Nd6 Bd3 37. Rc7 g6 38. Rc3 e4 39. b5 Kf8 40. Rc5
Ke7 41. Nc4 f5 42. h4 Ke6 43. Rc6+ Ke7 44. b6 Bxc4 45. Rxc4 Rxb6 46. Rc7+ Kf6
47. Rxh7 f4 48. exf4 e3 49. Kf1 Rb2 50. g4 Rf2+ 51. Ke1 Rxf4 52. g5+ Kf5 53.
Ke2 Re4 54. h5 Kxg5 55. hxg6 Kxg6 56. Rh3 Kg5 57. Rxe3 Kf4 58. Rxe4+ Kxe4
1/2-1/2

[Event "5. Nord-West-Cup"]
[Site "?"]
[Date "2003.??.??"]
[Round "3"]
[White "Lanka, Zigurds"]
[Black "Jaracz, Barbara"]
[Result "1/2-1/2"]
[WhiteElo "2509"]
[BlackElo "2292"]
[PlyCount "73"]

1. e4 c5 2. Nf3 e6 3. d4 cxd4 4. Nxd4 Nc6 5. Nc3 Qc7 6. Be2 a6 7. O-O Nf6 8.
Kh1 Be7 9. f4 d6 10. Be3 O-O 11. Qe1 Nxd4 12. Bxd4 b5 13. a3 Bb7 14. Qg3 Bc6
15. Rae1 Qb7 16. Bf3 Rad8 17. Nd1 a5 18. c3 Ne8 19. b4 axb4 20. axb4 Bf6 21. e5
dxe5 22. fxe5 Be7 23. Qg4 g6 24. Ne3 Ng7 25. Qf4 h5 26. Kg1 Bxf3 27. Rxf3 Qd7
28. Ra1 Qc6 29. Raf1 Nf5 30. Nxf5 exf5 31. e6 Qxe6 32. Re3 Qd6 33. Qh6 Bf6 34.
Bc5 Bg7 35. Qg5 Bf6 36. Qh6 Bg7 37. Qg5 1/2-1/2

[Event "5. Nord-West-Cup"]
[Site "?"]
[Date "2003.??.??"]
[Round "3"]
[White "Ljubarskij, Jurij"]
[Black "Fish, Gennadij"]
[Result "0-1"]
[WhiteElo "2292"]
[BlackElo "2500"]
[PlyCount "60"]

1. e4 c5 2. Nc3 e6 3. f4 Ne7 4. Nf3 Nec6 5. Bc4 Nd4 6. O-O Nbc6 7. d3 Be7 8.
Be3 O-O 9. Qd2 Rb8 10. a4 a6 11. Qf2 b5 12. axb5 axb5 13. Ba2 b4 14. Na4 Nxf3+
15. gxf3 d6 16. Kh1 Bf6 17. Rg1 Bb7 18. Rg4 Ra8 19. Bb3 Nd4 20. Rag1 Kh8 21.
Qg2 g6 22. Bxd4 Bxd4 23. Qh3 Bxg1 24. Rh4 Bd4 25. Rxh7+ Kg8 26. Qh6 Qf6 27. c3
bxc3 28. bxc3 Be3 29. Bxe6 Bxf4 30. Qh3 Rxa4 0-1

[Event "5. Nord-West-Cup"]
[Site "?"]
[Date "2003.??.??"]
[Round "3"]
[White "Gutman, Lev"]
[Black "Asendorf, Joachim"]
[Result "1-0"]
[WhiteElo "2495"]
[BlackElo "2280"]
[PlyCount "61"]

1. Nf3 d5 2. g3 Nf6 3. Bg2 c5 4. O-O Nc6 5. d4 e6 6. c3 Bd6 7. Be3 Qe7 8. dxc5
Bxc5 9. Bxc5 Qxc5 10. Nbd2 O-O 11. Rc1 Rd8 12. Qc2 e5 13. e4 Bg4 14. Nb3 Qe7
15. exd5 Nxd5 16. h3 Be6 17. Rfe1 f6 18. Nh4 Rd7 19. Qe4 g6 20. Nd4 Nxd4 21.
cxd4 Nb4 22. a3 Rxd4 23. Nxg6 Qe8 24. Qxb7 Rb8 25. Qxa7 Rd7 26. Rc7 Rxc7 27.
Qxc7 hxg6 28. axb4 Rxb4 29. Ra1 Rxb2 30. Ra8 Rb1+ 31. Kh2 1-0

[Event "5. Nord-West-Cup"]
[Site "?"]
[Date "2003.??.??"]
[Round "3"]
[White "Meyer, Malte"]
[Black "Karpatchev, Aleksandr"]
[Result "1/2-1/2"]
[WhiteElo "2244"]
[BlackElo "2463"]
[PlyCount "174"]

1. d4 d5 2. c4 dxc4 3. Nf3 Nf6 4. e3 a6 5. a4 Bg4 6. Bxc4 e6 7. Qb3 Nc6 8. a5
Bd6 9. Bd2 Rb8 10. Bc3 Bxf3 11. gxf3 O-O 12. Nd2 e5 13. dxe5 Bxe5 14. f4 Bxc3
15. Qxc3 Nd5 16. Bxd5 Qxd5 17. Rg1 f6 18. Rc1 Rf7 19. b4 Rd8 20. Nb3 Qb5 21.
Qc4 Nxb4 22. Qxb5 axb5 23. Ke2 Nd3 24. Rc3 Rfd7 25. Nc5 Nxc5 26. Rxc5 c6 27. a6
bxa6 28. Rxc6 Rd2+ 29. Kf3 R2d6 30. Rc7 R8d7 31. Rc8+ Kf7 32. Ra1 Rb7 33. Ra8
b4 34. R8xa6 Rxa6 35. Rxa6 b3 36. Ra1 f5 37. Rb1 Ke6 38. Ke2 Kd5 39. Kd3 b2 40.
h4 g6 41. Kc3 Ke4 42. Rxb2 Rxb2 43. Kxb2 Kf3 44. Kc3 Kxf2 45. Kd4 Kf3 46. h5
gxh5 47. e4 fxe4 48. f5 e3 49. f6 e2 50. f7 e1=Q 51. f8=Q+ Kg2 52. Qg7+ Qg3 53.
Qxh7 h4 54. Qe4+ Kh2 55. Kc4 h3 56. Qe2+ Kg1 57. Qd1+ Kg2 58. Qe2+ Qf2 59. Qg4+
Kh2 60. Kb4 Qe1+ 61. Ka4 Qe5 62. Qf3 Qd4+ 63. Ka5 Qd2+ 64. Ka4 Qa2+ 65. Kb5 Qg2
66. Qf4+ Kg1 67. Qe3+ Kf1 68. Qc1+ Ke2 69. Qc2+ Kf3 70. Qf5+ Kg3 71. Qg5+ Kf2
72. Qd2+ Kf3 73. Qd5+ Ke3 74. Qc5+ Kd2 75. Qb4+ Kd1 76. Qb3+ Ke1 77. Qc3+ Kf1
78. Qc1+ Ke2 79. Qc2+ Ke3 80. Qc5+ Ke2 81. Qc2+ Kf3 82. Qf5+ Ke3 83. Qc5+ Kf4
84. Qd6+ Kg5 85. Qe5+ Kh4 86. Qh8+ Kg4 87. Qg7+ Kf3 1/2-1/2

[Event "5. Nord-West-Cup"]
[Site "?"]
[Date "2003.??.??"]
[Round "3"]
[White "Meins, Gerlef"]
[Black "Lundin, Jan"]
[Result "1-0"]
[WhiteElo "2436"]
[BlackElo "2220"]
[PlyCount "91"]

1. d4 d5 2. c4 dxc4 3. Nf3 Nf6 4. e3 e6 5. Bxc4 c5 6. O-O a6 7. a4 Nc6 8. Qe2
Qc7 9. Nc3 Bd6 10. Rd1 O-O 11. h3 e5 12. dxc5 Bxc5 13. e4 Nd4 14. Nxd4 exd4 15.
Nd5 Nxd5 16. Bxd5 Be6 17. Qc4 Bxd5 18. exd5 Rfd8 19. Bg5 Rd7 20. Rac1 Rc8 21.
b4 Ba7 22. Qd3 Qb8 23. Bf4 Qa8 24. Qf5 Rxc1 25. Rxc1 Qd8 26. d6 Bb8 27. Rc4 g6
28. Qd3 Rxd6 29. Bxd6 Qxd6 30. Rc8+ Kg7 31. Qg3 Qxg3 32. fxg3 Bxg3 33. Rd8 Be5
34. Kf1 Kf6 35. Rd7 b5 36. axb5 axb5 37. Ke2 Ke6 38. Rb7 f6 39. Rxb5 h5 40. Kd3
h4 41. Rc5 Kd6 42. Rc4 f5 43. b5 g5 44. b6 g4 45. b7 Kd7 46. Rc8 1-0

[Event "5. Nord-West-Cup"]
[Site "?"]
[Date "2003.??.??"]
[Round "3"]
[White "Schneider, Ilja"]
[Black "Jugelt, Tobias"]
[Result "1/2-1/2"]
[WhiteElo "2217"]
[BlackElo "2431"]
[PlyCount "60"]

1. e4 Nf6 2. Nc3 d5 3. e5 Ne4 4. Qf3 f5 5. d3 Nxc3 6. bxc3 c5 7. Nh3 e6 8. Nf4
Qc7 9. d4 cxd4 10. cxd4 Bb4+ 11. Bd2 Bxd2+ 12. Kxd2 Nc6 13. Qh5+ g6 14. Nxg6
Qf7 15. Nf4 Nxd4 16. Qh4 Qe7 17. Qh5+ Kd7 18. Bd3 Kc7 19. Ng6 Qb4+ 20. c3 hxg6
21. Qxh8 Qb2+ 22. Ke3 f4+ 23. Kxf4 Qxf2+ 24. Kg5 Qe3+ 25. Kh4 Nc6 26. Bb5 Qf4+
27. Kh3 Bd7 28. Qxa8 Qh6+ 29. Kg3 Qe3+ 30. Kh4 Qh6+ 1/2-1/2

[Event "5. Nord-West-Cup"]
[Site "?"]
[Date "2003.??.??"]
[Round "3"]
[White "Baramidze, David"]
[Black "Kolthoff, Siegmund"]
[Result "1-0"]
[WhiteElo "2426"]
[BlackElo "2180"]
[PlyCount "63"]

1. e4 e5 2. Nf3 Nf6 3. Nxe5 d6 4. Nf3 Nxe4 5. d4 d5 6. Bd3 Be7 7. O-O Nc6 8. h3
O-O 9. a3 Bf5 10. Re1 Bf6 11. c3 Qd6 12. Qc2 Ne7 13. c4 c6 14. c5 Qc7 15. g4
Be6 16. g5 Bxh3 17. gxf6 gxf6 18. Bxe4 dxe4 19. Qxe4 Nd5 20. Qh4 Qd7 21. Nc3
Kh8 22. Nxd5 Rg8+ 23. Kh2 Rg2+ 24. Kh1 cxd5 25. Qxf6+ Rg7 26. Bh6 Bg2+ 27. Kg1
Rag8 28. Ng5 Be4 29. Re3 Qg4+ 30. Rg3 Qh5 31. Bxg7+ Rxg7 32. Nxe4 1-0

[Event "5. Nord-West-Cup"]
[Site "?"]
[Date "2003.??.??"]
[Round "3"]
[White "Schütte, Marc"]
[Black "Cioara, Andrei Nestor"]
[Result "1/2-1/2"]
[WhiteElo "2232"]
[BlackElo "2396"]
[PlyCount "81"]

1. e4 c6 2. d4 d5 3. exd5 cxd5 4. c4 Nf6 5. Nc3 g6 6. Nf3 Bg7 7. Be3 Nc6 8. c5
O-O 9. h3 Ne4 10. Qb3 e5 11. dxe5 Nxe5 12. Nxe5 Bxe5 13. Nxe4 dxe4 14. Bc4 Qa5+
15. Ke2 Kg7 16. Rhd1 f5 17. Rd5 Bf6 18. g3 Be6 19. Rd2 Bxc4+ 20. Qxc4 Rad8 21.
Rad1 Rxd2+ 22. Bxd2 Qc7 23. Bf4 Qc8 24. b4 g5 25. Bd6 Re8 26. Qd5 f4 27. gxf4
Qxh3 28. Be5 Qf3+ 29. Ke1 Qh1+ 30. Ke2 Qf3+ 31. Ke1 Qh1+ 32. Kd2 e3+ 33. Ke2
Qh5+ 34. Qf3 Qxf3+ 35. Kxf3 Bxe5 36. fxe5 exf2 37. Kxf2 Kf7 38. Rd7+ Re7 39.
Rxe7+ Kxe7 40. b5 Ke6 41. c6 1/2-1/2

[Event "5. Nord-West-Cup"]
[Site "?"]
[Date "2003.??.??"]
[Round "3"]
[White "Hobuss, Udo"]
[Black "Kerker, Andreas"]
[Result "1-0"]
[WhiteElo "2394"]
[BlackElo "2151"]
[PlyCount "72"]

1. d4 Nf6 2. c4 g6 3. Nc3 Bg7 4. e4 d6 5. Be2 O-O 6. Nf3 e5 7. O-O Nc6 8. d5
Ne7 9. a4 Nd7 10. a5 f5 11. Ng5 Nf6 12. Bf3 f4 13. b4 h6 14. Ne6 Bxe6 15. dxe6
Nc6 16. Nd5 Nxd5 17. exd5 Nxb4 18. Rb1 Na6 19. Qc2 g5 20. Rxb7 Nc5 21. Rb1 Qe8
22. Ba3 h5 23. Bxc5 dxc5 24. d6 cxd6 25. Bxa8 Qxa8 26. Qg6 Rf6 27. Qxg5 Rxe6
28. a6 Qe8 29. Rb7 Rg6 30. Qf5 Rf6 31. Qb1 Qe6 32. Rxa7 f3 33. Qb7 Qg4 34. g3
Rg6 35. Qd7 Qxc4 36. Qf7+ Kh7 1-0

[Event "5. Nord-West-Cup"]
[Site "?"]
[Date "2003.??.??"]
[Round "3"]
[White "Schmidt, Harald"]
[Black "Meyer, Thorsten"]
[Result "1-0"]
[WhiteElo "2339"]
[BlackElo "1978"]
[PlyCount "125"]

1. c4 d6 2. Nc3 g6 3. h4 h6 4. h5 g5 5. e4 Bg7 6. d3 Nc6 7. Nge2 e5 8. Ng3 Nge7
9. Be2 f5 10. Nd5 f4 11. Nf1 Nd4 12. Nd2 c6 13. Nxe7 Qxe7 14. Nb3 Nxe2 15. Qxe2
O-O 16. Bd2 Be6 17. O-O-O a6 18. Kb1 c5 19. Ba5 Qd7 20. Qc2 Rfb8 21. Nc1 b6 22.
Bd2 Qf7 23. b4 Bg4 24. f3 Bxh5 25. Ne2 Qe8 26. Ka1 Bf7 27. bxc5 bxc5 28. Bc3
Be6 29. g3 Bd7 30. Rdg1 fxg3 31. Nxg3 Qf7 32. Nh5 Rf8 33. f4 Qg6 34. f5 Bxf5
35. exf5 Rxf5 36. Qg2 Raf8 37. Qd5+ Kh7 38. Ng3 e4 39. Qb7 R5f7 40. Qb2 exd3
41. Bxg7 Rxg7 42. Qc3 Rf3 43. Nh5 Rgf7 44. Rb1 Rf2 45. Rb8 Rf8 46. Rhb1 Kg8 47.
R1b7 Rf1+ 48. Kb2 Rb1+ 49. Ka3 Rxb7 50. Rxb7 Rf7 51. Rb8+ Rf8 52. Nf6+ Kf7 53.
Rb7+ Ke6 54. Nd5 Rf3 55. Qe1+ Kf5 56. Qd1 Kg4 57. Rb2 Qf7 58. Rf2 d2+ 59. Ka4
Kg3 60. Qg1+ Kh4 61. Qh1+ Rh3 62. Qe4+ Kg3 63. Rg2# 1-0

[Event "5. Nord-West-Cup"]
[Site "?"]
[Date "2003.??.??"]
[Round "3"]
[White "Mühlenhaus, Sven"]
[Black "Pajeken, Wolfgang"]
[Result "1/2-1/2"]
[WhiteElo "2193"]
[BlackElo "2326"]
[PlyCount "134"]

1. d4 Nf6 2. Nf3 e6 3. Bg5 c5 4. c3 h6 5. Bh4 cxd4 6. cxd4 Qa5+ 7. Nbd2 Nc6 8.
e3 d5 9. a3 Ne4 10. Bd3 g5 11. Bg3 Nxg3 12. hxg3 Bg7 13. b4 Qd8 14. Rc1 Bd7 15.
Nb3 a5 16. b5 Na7 17. Nc5 b6 18. Nxd7 Qxd7 19. a4 Rc8 20. O-O Rxc1 21. Qxc1 O-O
22. Qb2 Rc8 23. Rc1 Rc7 24. g4 Qc8 25. Rxc7 Qxc7 26. Kf1 Nc8 27. Qc2 Qxc2 28.
Bxc2 Kf8 29. Ke2 Ke7 30. Kd3 Kd6 31. Bb3 Ne7 32. Nd2 f5 33. gxf5 Nxf5 34. Bd1
Bf6 35. g4 Nh4 36. e4 dxe4+ 37. Kxe4 Bd8 38. Nc4+ Kd7 39. Ne5+ Ke7 40. f4 gxf4
41. Kxf4 Bc7 42. Bc2 Bxe5+ 43. dxe5 Ng2+ 44. Ke4 Kf7 45. Bb1 Nh4 46. Kf4 Ng6+
47. Ke4 Nf8 48. Kf4 Ng6+ 49. Ke4 Nf8 50. Kf4 Nd7 51. Bc2 Kg7 52. Bb1 Nc5 53.
Bc2 Kf7 54. Ke3 Kf8 55. Kf4 Kg7 56. Kg3 Nd7 57. Kf4 Nf8 58. Kg3 Kg8 59. Kf4 Nh7
60. Bxh7+ Kxh7 61. Kg3 Kg7 62. Kh3 Kf7 63. Kg3 Kg7 64. Kh3 Kh7 65. Kg3 Kg7 66.
Kh3 Kf7 67. Kg3 Kg7 1/2-1/2

[Event "5. Nord-West-Cup"]
[Site "?"]
[Date "2003.??.??"]
[Round "3"]
[White "Wiege, Andre"]
[Black "Schirm, Friedmar"]
[Result "0-1"]
[WhiteElo "1977"]
[BlackElo "2305"]
[PlyCount "84"]

1. e4 c5 2. Nf3 Nc6 3. Nc3 g6 4. d4 cxd4 5. Nxd4 Bg7 6. Be3 Nf6 7. Be2 O-O 8.
O-O d5 9. exd5 Nb4 10. Bf3 Nfxd5 11. Nxd5 Nxd5 12. Bxd5 Qxd5 13. c3 b6 14. Qf3
Qxf3 15. Nxf3 e5 16. Rfe1 Rd8 17. Rad1 Be6 18. a3 Bb3 19. Rxd8+ Rxd8 20. Nd2
Be6 21. f3 f5 22. g3 Kf7 23. Kf2 Bf6 24. Nf1 h5 25. a4 g5 26. f4 exf4 27. gxf4
g4 28. Ra1 Rd7 29. a5 b5 30. Re1 a6 31. Ng3 h4 32. Ne2 h3 33. Bd4 Bd8 34. b4
Bc7 35. Kg3 Bc4 36. Ng1 Re7 37. Rxe7+ Kxe7 38. Bc5+ Ke6 39. Bd4 Kd5 40. Bf6 Ke6
41. Bg5 Bd6 42. Bh6 Bb8 0-1

[Event "5. Nord-West-Cup"]
[Site "?"]
[Date "2003.??.??"]
[Round "3"]
[White "zur Brügge, Carsten"]
[Black "Vasiljevic, Dragan"]
[Result "0-1"]
[WhiteElo "2103"]
[BlackElo "2361"]
[PlyCount "166"]

1. e4 d6 2. d4 Nf6 3. Nc3 c6 4. f4 g6 5. Nf3 Bg7 6. Be3 Qa5 7. Bd3 O-O 8. O-O
Ng4 9. Bd2 Qb6 10. Qe1 Bxd4+ 11. Nxd4 Qxd4+ 12. Kh1 Qg7 13. h3 Nh6 14. Qh4 f6
15. f5 g5 16. Qh5 Bd7 17. Bc4+ Kh8 18. a4 Be8 19. Qe2 Nd7 20. Ra3 Ne5 21. Be6
Bf7 22. Bxf7 Qxf7 23. Rb3 b6 24. Ra1 Rad8 25. a5 b5 26. Qf2 a6 27. Ne2 c5 28.
Rg3 b4 29. b3 Rc8 30. c4 Qh5 31. Kg1 Qh4 32. Re3 Qxf2+ 33. Kxf2 Nhf7 34. Bc1
Nd8 35. Bb2 Ndc6 36. Bxe5 Nxe5 37. Ng3 Kg7 38. Nh5+ Kf7 39. g4 Nc6 40. Ng3 Nd4
41. Rd1 Nc6 42. Ra1 Rh8 43. Rd3 Rcd8 44. Rdd1 Ke8 45. Rd2 Kd7 46. Nh5 Rdg8 47.
Rd3 h6 48. Rd2 Kc7 49. Rd3 Rh7 50. Rd2 Rf7 51. Rd3 Re8 52. Ng3 Nd4 53. Rad1 Nc6
54. Ra1 Rh7 55. Nh5 Rf8 56. Ng3 Ne5 57. Rd2 h5 58. Nxh5 Rfh8 59. Rh1 Kb7 60.
Kg3 Nc6 61. Ra1 Rxh5 62. gxh5 Rxh5 63. Rd3 Rh4 64. Re3 Nd4 65. Ra2 Kc7 66. Rd2
Nc6 67. Ra2 Ne5 68. Rg2 Kd7 69. Rh2 Ke8 70. Rd2 Kf7 71. Rh2 Kg7 72. Ra2 Kh6 73.
Rd2 Kh5 74. Rd5 Rf4 75. Rd2 Rf1 76. Rb2 Rg1+ 77. Kf2 Ra1 78. Re1 Rxa5 79. Ke3
Ra3 80. Reb1 Nxc4+ 81. Kd3 Nxb2+ 82. Rxb2 Ra1 83. Kc4 Rd1 0-1

[Event "5. Nord-West-Cup"]
[Site "?"]
[Date "2003.??.??"]
[Round "3"]
[White "Heinemann, Ernst"]
[Black "Wiertzema, Michael"]
[Result "1-0"]
[WhiteElo "2263"]
[BlackElo "2149"]
[PlyCount "63"]

1. e4 c5 2. Nf3 Nc6 3. Bb5 d6 4. O-O Bd7 5. Re1 a6 6. Bxc6 Bxc6 7. b3 e5 8. d3
Be7 9. Nbd2 g5 10. Nf1 g4 11. N3d2 h5 12. Nc4 f5 13. exf5 Bf6 14. Bb2 b5 15.
Ncd2 Qd7 16. Ne4 O-O-O 17. Ne3 Rh7 18. Qd2 Qb7 19. c4 b4 20. a3 a5 21. axb4
axb4 22. Qc2 Rg7 23. Ra5 Bg5 24. Rea1 Bxe3 25. fxe3 Bxe4 26. dxe4 Rc7 27. Qd3
Nf6 28. Ra8+ Kd7 29. Rxd8+ Kxd8 30. Qxd6+ Nd7 31. Bxe5 Rc6 32. Qd5 1-0

[Event "5. Nord-West-Cup"]
[Site "?"]
[Date "2003.??.??"]
[Round "3"]
[White "Korba, Roman"]
[Black "Hilmer, Frank"]
[Result "1/2-1/2"]
[WhiteElo "2096"]
[BlackElo "2223"]
[PlyCount "83"]

1. c4 b6 2. b3 Bb7 3. Bb2 e6 4. e3 Nf6 5. Nf3 c5 6. Be2 Nc6 7. O-O Be7 8. Nc3
O-O 9. d4 cxd4 10. Nxd4 a6 11. Rc1 Qc7 12. Bf3 Ne5 13. Bxb7 Qxb7 14. Qe2 Rfd8
15. Rfd1 Rac8 16. h3 d6 17. Qc2 d5 18. cxd5 Nxd5 19. Qe4 Qb8 20. Nxd5 Rxd5 21.
Nf5 Rxd1+ 22. Rxd1 exf5 23. Qxe5 Qxe5 24. Bxe5 f6 25. Bd4 Rc6 26. Kf1 Kf7 27.
Ke2 Ke6 28. Kd3 Bd6 29. Rd2 Be5 30. Rc2 Rxc2 31. Kxc2 Bxd4 32. exd4 Kd5 33. Kd3
f4 34. a4 g5 35. f3 f5 36. Kc3 h6 37. Kd3 h5 38. Kc3 g4 39. h4 gxf3 40. gxf3 b5
41. axb5 axb5 42. b4 1/2-1/2

[Event "5. Nord-West-Cup"]
[Site "?"]
[Date "2003.??.??"]
[Round "3"]
[White "Frenzel, Klaus-Dieter"]
[Black "Leiber, Bernhard"]
[Result "0-1"]
[WhiteElo "1301"]
[BlackElo "2208"]
[PlyCount "64"]

1. e4 c5 2. d4 cxd4 3. c3 d3 4. Bxd3 Nc6 5. c4 e6 6. Nf3 Nf6 7. Nc3 d6 8. O-O
Be7 9. Be3 O-O 10. h3 b6 11. a3 Bb7 12. b4 Nd7 13. Nd2 Bf6 14. Rc1 g6 15. Bh6
Re8 16. f4 a6 17. f5 Bg5 18. Bxg5 Qxg5 19. Nf3 Qe3+ 20. Kh1 Rad8 21. fxg6 hxg6
22. Qe2 Qh6 23. Qf2 Re7 24. Qg3 Nce5 25. Be2 Rc8 26. Nxe5 Nxe5 27. Qf2 Nxc4 28.
Bxc4 Rxc4 29. Qxb6 Rec7 30. Qxd6 Rxc3 31. Rxc3 Rxc3 32. Qd7 Rxh3+ 0-1

[Event "5. Nord-West-Cup"]
[Site "?"]
[Date "2003.??.??"]
[Round "3"]
[White "Topolewski, Dirk"]
[Black "Thimm, Torsten"]
[Result "1/2-1/2"]
[WhiteElo "2278"]
[BlackElo "1975"]
[PlyCount "66"]

1. d4 d5 2. e3 Nf6 3. Nf3 c6 4. Bd3 e6 5. Nbd2 Nbd7 6. b3 Be7 7. Bb2 c5 8. c4
b6 9. Ne5 Bb7 10. O-O cxd4 11. exd4 Nxe5 12. dxe5 Nd7 13. cxd5 Bxd5 14. Ne4 O-O
15. Re1 Bxe4 16. Bxe4 Rc8 17. Qg4 Bc5 18. Rad1 Qe7 19. Bb1 Rfd8 20. h4 Nf8 21.
Rd6 Ng6 22. Rxd8+ Rxd8 23. Bxg6 hxg6 24. Re2 Rd1+ 25. Kh2 Qd8 26. Qe4 a5 27. g3
Qd5 28. Qxd5 exd5 29. e6 fxe6 30. Be5 Kf7 31. Kg2 d4 32. Bf4 d3 33. Rd2 Rxd2
1/2-1/2

[Event "5. Nord-West-Cup"]
[Site "?"]
[Date "2003.??.??"]
[Round "3"]
[White "Tchetchelnitski, Boris"]
[Black "Groothoff, Franz"]
[Result "1/2-1/2"]
[WhiteElo "2230"]
[BlackElo "1967"]
[PlyCount "111"]

1. d4 Nf6 2. Bg5 e6 3. Nf3 c5 4. c3 Be7 5. e3 b6 6. Nbd2 cxd4 7. exd4 O-O 8.
Qc2 Ba6 9. Bxa6 Nxa6 10. O-O Nc7 11. Ne5 Nfd5 12. Bxe7 Nxe7 13. a4 d6 14. Nd3
Ng6 15. Rae1 Nd5 16. f4 Nh4 17. Ne4 Nf5 18. Rf3 Rc8 19. Qf2 h5 20. Rh3 g6 21.
Qe2 Kg7 22. Rf3 Rh8 23. g3 Qd7 24. Ra1 a6 25. h3 b5 26. axb5 axb5 27. Qf2 Qc6
28. Nd2 h4 29. g4 Ng3 30. Re1 Rce8 31. Nf1 Nxf1 32. Qxf1 f5 33. Nf2 Kf7 34. Nd1
Nf6 35. Qg2 Ra8 36. Qe2 Ne4 37. Nf2 d5 38. Nd3 Kg7 39. Ne5 Qd6 40. gxf5 exf5
41. Kh2 Ra2 42. Rg1 Ng3 43. Rfxg3 hxg3+ 44. Rxg3 Rh6 45. Qxb5 Ra7 46. Qc5 Ra6
47. Rg2 Qd8 48. Nf3 Re6 49. Ng5 Re3 50. c4 Qb8 51. Rf2 Rh5 52. Nf3 Qxf4+ 53.
Kg2 Rxf3 54. Qe7+ Kh6 55. Qf8+ Kh7 56. Qe7+ 1/2-1/2

[Event "5. Nord-West-Cup"]
[Site "?"]
[Date "2003.??.??"]
[Round "3"]
[White "Thom, Rüdiger"]
[Black "Gellrich, Peter"]
[Result "1-0"]
[WhiteElo "1969"]
[BlackElo "2230"]
[PlyCount "128"]

1. d4 Nf6 2. Bg5 e6 3. Nd2 h6 4. Bh4 c5 5. e3 d5 6. c3 Qb6 7. Bxf6 gxf6 8. Rb1
Nc6 9. Qh5 Bd7 10. Ngf3 Be7 11. Bd3 O-O-O 12. O-O Rdg8 13. Qxf7 h5 14. e4 Rf8
15. Qg7 Rfg8 16. Qf7 Rf8 17. Qg7 Be8 18. dxc5 Qxc5 19. b4 Qd6 20. Qg3 Ne5 21.
Nxe5 fxe5 22. Qe3 Kb8 23. Nf3 Bf6 24. b5 Rhg8 25. Rfe1 d4 26. Qd2 Bd8 27. Kf1
Ba5 28. Qc2 Bxc3 29. Red1 h4 30. Nxh4 Qe7 31. g3 Bh5 32. Be2 Qf7 33. Bxh5 Qxh5
34. Qe2 Qf7 35. Rd3 Qg7 36. Rbd1 Rh8 37. h3 Rfg8 38. Qf3 Ba5 39. Qh1 Bd8 40.
Nf3 Bc7 41. h4 Qg4 42. Nh2 Qg7 43. Qf3 Bd8 44. Ke2 Ba5 45. Rc1 Bc3 46. Rdd1 Qe7
47. Qd3 Qa3 48. Rc2 Qa4 49. Nf3 Rh5 50. g4 Rhh8 51. g5 Qb4 52. Rh1 Rh5 53. Rg1
Qc5 54. Rg4 Rc8 55. Nd2 Rch8 56. g6 Qe7 57. Nf3 Rg8 58. Rc1 Qf6 59. Rcg1 Rh6
60. g7 Rh7 61. Rg6 Qe7 62. Ng5 Rhxg7 63. Rxe6 Qc7 64. Rf6 Rh8 1-0

[Event "5. Nord-West-Cup"]
[Site "?"]
[Date "2003.??.??"]
[Round "3"]
[White "Wichmann, Ralph"]
[Black "Kharchenko, Denis"]
[Result "1/2-1/2"]
[WhiteElo "1928"]
[BlackElo "2206"]
[PlyCount "100"]

1. e4 c5 2. Nf3 d6 3. d4 cxd4 4. Qxd4 a6 5. c4 Nc6 6. Qd2 g6 7. Nc3 Bg7 8. b3
Nf6 9. Bb2 O-O 10. Bd3 Bg4 11. Qe3 Qa5 12. O-O Rac8 13. Rac1 Rfd8 14. Bb1 Qh5
15. Nd2 Nd7 16. h3 Be6 17. Na4 Bxb2 18. Nxb2 f6 19. f4 Qc5 20. Qxc5 dxc5 21.
Nf3 Bf7 22. Nd3 b6 23. Rcd1 Nf8 24. f5 Nd4 25. Nxd4 Rxd4 26. Rde1 Rcd8 27. Nf4
Nd7 28. fxg6 hxg6 29. Nd5 Bxd5 30. exd5 Ne5 31. Rd1 Rxd1 32. Rxd1 Kf7 33. Kf2
Ke8 34. Ke3 Kd7 35. Kf4 Rh8 36. Kg3 Kd6 37. Be4 b5 38. cxb5 axb5 39. a4 bxa4
40. bxa4 Ra8 41. Ra1 Ra5 42. Kf4 g5+ 43. Kf5 Nc4 44. g3 Ra8 45. a5 Rg8 46. Re1
Nxa5 47. Ra1 Nc4 48. Ra6+ Kd7 49. Ra7+ Kd6 50. Ra6+ Kd7 1/2-1/2

[Event "5. Nord-West-Cup"]
[Site "?"]
[Date "2003.??.??"]
[Round "3"]
[White "Boos, Hanspeter"]
[Black "Krause, Thomas"]
[Result "0-1"]
[WhiteElo "1866"]
[BlackElo "2186"]
[PlyCount "50"]

1. e4 d5 2. exd5 Qxd5 3. Nc3 Qa5 4. b4 Qxb4 5. Rb1 Qd6 6. d4 Nf6 7. Bc4 a6 8.
Nf3 b5 9. Bb3 Bb7 10. Ne5 e6 11. O-O Nc6 12. Qf3 Qxd4 13. Nxf7 Kxf7 14. Re1 Re8
15. Bb2 Nd8 16. Nxb5 Qc5 17. Rxe6 Bxf3 18. Rxf6+ Ke7 19. Rxf3 axb5 20. Rd3 Qd6
21. Bd5 c6 22. Bf3 Qg6 23. Re1+ Kf7 24. Rd7+ Re7 25. Rexe7+ Bxe7 0-1

[Event "5. Nord-West-Cup"]
[Site "?"]
[Date "2003.??.??"]
[Round "3"]
[White "Zeuner, Michael"]
[Black "Becker, Markus"]
[Result "1-0"]
[WhiteElo "2165"]
[BlackElo "1889"]
[PlyCount "77"]

1. e4 c5 2. Nf3 e6 3. b3 Nc6 4. Bb2 d5 5. Nc3 d4 6. Ne2 Bd6 7. g3 Nf6 8. d3 e5
9. Bg2 Bd7 10. h3 b5 11. a4 a6 12. Nd2 O-O 13. O-O Qc7 14. f4 Rfc8 15. f5 Na5
16. c4 bxa4 17. bxa4 Rab8 18. Qc2 Rb7 19. g4 Ne8 20. g5 f6 21. h4 Rcb8 22. Bc1
Bc6 23. Ng3 Qd7 24. Bf3 Rb4 25. Bd1 Be7 26. g6 h6 27. Nh5 Nc7 28. Rf3 Na8 29.
Qa2 R4b7 30. Nf1 Nb3 31. Bxh6 gxh6 32. Bxb3 Rxb3 33. Qd2 Bd8 34. Qxh6 R3b7 35.
Rg3 Bxe4 36. g7 Bxf5 37. Qh8+ Kf7 38. g8=Q+ Ke7 39. Qxf6# 1-0

[Event "5. Nord-West-Cup"]
[Site "?"]
[Date "2003.??.??"]
[Round "3"]
[White "Nedkov, Petar"]
[Black "Hrkac, Daniel"]
[Result "1/2-1/2"]
[WhiteElo "2149"]
[BlackElo "1859"]
[PlyCount "39"]

1. e4 d5 2. exd5 Qxd5 3. Nc3 Qa5 4. Nf3 Nf6 5. d4 c6 6. Bc4 Bf5 7. O-O e6 8.
Bd2 Qc7 9. Ne2 Bd6 10. Bg5 Nbd7 11. Ng3 Bg4 12. Be2 O-O 13. c4 Rad8 14. Qc2 h6
15. Be3 c5 16. Rad1 Rfe8 17. Qd2 Nf8 18. Qc2 Ng6 19. dxc5 Bxc5 20. Bxc5 1/2-1/2

[Event "5. Nord-West-Cup"]
[Site "?"]
[Date "2003.??.??"]
[Round "3"]
[White "Großkopf, Lars"]
[Black "Sturm, Tobias"]
[Result "1-0"]
[WhiteElo "2142"]
[BlackElo "1848"]
[PlyCount "61"]

1. d4 Nf6 2. Bg5 g6 3. Bxf6 exf6 4. e3 Bg7 5. c4 d6 6. Nc3 O-O 7. g3 c6 8. Bg2
f5 9. Nge2 Nd7 10. O-O h5 11. b4 Nf6 12. a4 Be6 13. Qd3 d5 14. c5 h4 15. b5
hxg3 16. hxg3 Ng4 17. f3 Nf6 18. a5 Bd7 19. a6 b6 20. bxc6 Bxc6 21. cxb6 axb6
22. Rfb1 Qc7 23. Nb5 Bxb5 24. Qxb5 Rfe8 25. Rc1 Qd6 26. Rc3 Rec8 27. Rac1 Rxc3
28. Rxc3 Ne8 29. Rc6 Qe7 30. Kf2 Nd6 31. Qxd5 1-0

[Event "5. Nord-West-Cup"]
[Site "?"]
[Date "2003.??.??"]
[Round "3"]
[White "Heirich, Andreas"]
[Black "Lammers, Markus"]
[Result "0-1"]
[WhiteElo "1852"]
[BlackElo "2137"]
[PlyCount "64"]

1. d4 Nf6 2. c4 g6 3. Nc3 Bg7 4. Bg5 O-O 5. Nf3 c6 6. e3 d5 7. Bd3 Bf5 8. O-O
Nbd7 9. Rc1 Bxd3 10. Qxd3 Nb6 11. cxd5 Nfxd5 12. Nxd5 Nxd5 13. Rfd1 Qa5 14. a3
Qb6 15. h3 Rfd8 16. Qc2 Rac8 17. Qc5 Qxb2 18. Rb1 Qe2 19. Rd2 Qa6 20. Bxe7 b6
21. Qc1 Nxe7 22. Rc2 h6 23. Nd2 Rd7 24. Ne4 Qd3 25. Nc3 c5 26. Na2 Rdc7 27. Kh2
Nd5 28. Rd2 Qe4 29. dxc5 Rxc5 30. Qd1 Be5+ 31. g3 Rc2 32. Kg1 Rxd2 0-1

[Event "5. Nord-West-Cup"]
[Site "?"]
[Date "2003.??.??"]
[Round "3"]
[White "Thamm, Oliver"]
[Black "Giese, Stefan"]
[Result "1/2-1/2"]
[WhiteElo "2123"]
[BlackElo "1829"]
[PlyCount "65"]

1. c4 e6 2. Nc3 b6 3. d4 Bb7 4. e4 Bb4 5. d5 Qh4 6. Bd3 f5 7. Nf3 Qg4 8. Qe2
fxe4 9. Bxe4 Nf6 10. Bd3 O-O 11. Bd2 Bxc3 12. Bxc3 exd5 13. O-O-O Re8 14. Qf1
Ne4 15. h3 Qf4+ 16. Bd2 Nxd2 17. Nxd2 dxc4 18. Bxc4+ d5 19. g3 Qh6 20. Bb3 Kh8
21. f4 Nd7 22. g4 c5 23. h4 Rac8 24. h5 a6 25. g5 Qc6 26. h6 g6 27. Bc2 d4 28.
Rh2 c4 29. f5 d3 30. Ba4 b5 31. fxg6 Qxg6 32. Qf4 Ne5 33. Re1 1/2-1/2